Road design standard;បទដ្ឋានសិក្សាគំរោងថ្នល់ (Record no. 9126)

000 -LEADER
fixed length control field 00300nam a22001217a 4500
040 ## - CATALOGING SOURCE
Transcribing agency SK
082 ## - DEWEY DECIMAL CLASSIFICATION NUMBER
Classification number 338
100 ## - MAIN ENTRY--AUTHOR NAME
Personal name BLANK
245 ## - TITLE STATEMENT
Title Road design standard;បទដ្ឋានសិក្សាគំរោងថ្នល់
260 ## - PUBLICATION, DISTRIBUTION, ETC. (IMPRINT)
Place of publication Phnom Penh
Name of publisher BLA
Year of publication 1999
300 ## - PHYSICAL DESCRIPTION
Number of Pages 70p.
942 ## - ADDED ENTRY ELEMENTS (KOHA)
Koha item type សៀវភៅភាសាអង់គ្លេស
952 ## - LOCATION AND ITEM INFORMATION (KOHA)
Withdrawn status [LOCAL, KOHA] 0
Holdings
Koha item type Barcode Lost status Permanent Location Current Location Date acquired Full call number
សៀវភៅភាសាអង់គ្លេសRUA042829 Library Block BLibrary Block B2016-08-24338 BLA 1999
មជ្ឈមណ្ឌលឯការនៃសាកលវិទ្យាល័យភូមិន្ទកសិកម្មចំការដូង

Powered by Koha